Statistics for The Word Within the Word List #7

Click here to take the quiz!

General Stats

  • This quiz has been taken 133 times
  • The average score is 19 of 25

Answer Stats

StemWordDefinition% Correct
zozooanimal
94%
polismetropoliscity
88%
ilillegalnot
88%
numernumeralnumber
88%
osteoosteocytebone
81%
urburbancity
81%
necronercromancerdeath
81%
pacpacifypeace
81%
fusinfusepour
81%
culpculpritblame
75%
acroacrobathigh
75%
ectoectodermouter
75%
acracridsharp
75%
dermdermatologistskin
75%
fortfortifystrong
75%
ornithornithopterbird
69%
spirrespirationbreathe
69%
pugnpugnaciousfight
69%
brevbrevityshort
69%
perperceptionthrough
69%
diadiameteracross
63%
egoegocentrici
63%
plastoplasticmolded
63%
agogsynagogueleader
56%
cleminusculesmall
56%

Score Distribution

Percentile by Number Answered

Percent of People with Each Score

Your Score History

You have not taken this quiz